|
|
|
|
| LEADER |
00756nam a22002292a 4500 |
| 001 |
001339456 |
| 003 |
CZ BrMZK |
| 005 |
20131024113523.0 |
| 007 |
ta |
| 008 |
131024s1966 gw er|||||||||||ger d |
| 040 |
|
|
|a BOA001
|b cze
|
| 100 |
1 |
|
|a Kramer, Siegfried
|4 aut
|
| 245 |
1 |
0 |
|a Obstbau :
|b ein Lehrbuch /
|c Siegfried Kramer, Roland Schurich, Gerhard Friedrich
|
| 260 |
|
|
|a Berlin :
|b Deutscher Landwirtschaftsverlag,
|c 1966
|
| 300 |
|
|
|a 271 s.
|
| 504 |
|
|
|a Obsahuje bibliografii
|
| 700 |
1 |
|
|a Schurich, Roland
|4 aut
|
| 700 |
1 |
|
|a Friedrich, Gerhard,
|d 1908-1986
|7 uk2005277953
|4 aut
|
| 910 |
|
|
|a BOA001
|b 2-0582.996
|
| 990 |
|
|
|a BK
|
| 991 |
|
|
|b 201310
|
| 996 |
7 |
|
|b 2619015269
|c 2-0582.996
|l Sklad H1
|r Sklad / do 24 hodin
|n 0
|h HS212
|w 001374359
|u 000010
|a 1
|e BOA001
|j MZK50
|s A
|